000
00341pab a2200145 454500
008
180718b1984 xxu||||| |||| 00| 0 eng d
100
_a
Rao, C.S.
245
_a
Need to promote rural entrepreneurship
260
_c
1984
300
_a
21-2,27-9
362
_a
Dec.
650
_a
Entrepreneurs - India
773
_a
Kurukshetra
909
_a
7627
999
_c
7627
_d
7627